| 000 | 00733cam a22002411 4500 | ||
|---|---|---|---|
| 001 | ne 66000587 | ||
| 003 | DLC | ||
| 005 | 20260227111821.0 | ||
| 008 | 820531s1965 le b 000 0 ararc | ||
| 010 | _ane 66000587 | ||
| 035 | _a(OCoLC)8478464 | ||
| 040 |
_aPrinceton Univ. Libr. _cTU _dTU _dDLC |
||
| 042 | _apremarc | ||
| 050 | 0 | 0 |
_aHX434.A6 _bM4 |
| 100 | 1 | _aal-Munajjid, Ṣalāḥ al-Dīn. | |
| 245 | 1 | 3 |
_aal-Ṭaḍlīl al-ishtirākī, _cli-Ṣalāḥ al-Dīn al-Munajjid. |
| 250 | _a[al-ṭabʻah 1.] | ||
| 260 |
_a[Bayrūt] _bDār al-Kitāb al-Jadīd _c[1965] |
||
| 300 |
_a144 p. _c21 cm. |
||
| 440 | 0 |
_aSilsilat al-fikr al-ʻArabī, _v2 |
|
| 504 | _aBibliography: p. 137-143. | ||
| 650 | 0 |
_aSocialism _zArab countries. |
|
| 999 |
_c48750 _d48750 |
||